00921nam a22002897a 4500003000500000005001700005008004100022010000900063011000900072035000900081040000900090100002900099245009400128260006300222300001000285490003200295500001100327650003200338650003000370650002900400650003000429650002900459650002800488650002900516710005400545830003200599CHAP20220329133310.0971013s1990 r 00010 d a4548 a5520 a4734 cCHAP00aFalanruw, Marjorie V. C. aCommon and scientific names of trees and shrubs of Mariana, Caroline and Marshall Islands aBerkeley, Ca. :bPacific Southwest Research Station,c1990 a91 p. aResource bulletin PSWv; 26 a53-39814aÁrbolesxClasificación.14aÁrbolesxIsla Carolina.14aÁrbolesxIsla Mariana.14aÁrbolesxIsla Marshall.14aArbustosxIsla Carolina.14aArbustosxIsla Mariana.14aArbustosxIsla Marshall.0 aE.U.A. Department of Agriculture. Forest Service.0 aResource bulletin PSWv; 26